| 000 | 00548nam a22001817a 4500 | ||
|---|---|---|---|
| 005 | 20251108174846.0 | ||
| 008 | 250721s2009 xx 000 0 ara d | ||
| 082 | 1 | 4 | _a10.03/بطا5 |
| 100 | 1 |
_aبطارسة، صالح رشيد _eمؤلف |
|
| 245 | 1 | 0 | _aمعجم الرياضيات / |
| 264 | 1 |
_aعمان : _bدار أسامة للنشر والتوزيع، _c2009. |
|
| 300 | _a432ص. | ||
| 650 | 1 | 7 | _a‚الرياضيات |
| 650 | 1 | 7 | _a‚العلم |
| 650 | 1 | 7 | _a‚التفاضل والتكامل5 |
| 942 |
_2ddc _cBK |
||
| 999 |
_c119936 _d119936 |
||